Paroles - Ville de Lumière - Gold - Statistiques

Statistiques générales
  • Ce quiz a été pris 242 fois
  • Le résultat moyen est 110 sur 150
Statistiques - réponses
Réponse % Correct
de
99%
lumière
99%
Ville
99%
A
96%
94%
pour
94%
se
94%
toi
91%
Ne
90%
ne
90%
Que
90%
plus
89%
pourquoi
84%
demander
83%
ils
83%
J'ai
83%
j'ai
83%
un
83%
dernier
82%
Rester
82%
jusqu'au
81%
combat
80%
te
80%
Et
79%
et
79%
besoin
78%
fait
78%
des
76%
les
76%
moi
76%
ma
75%
qui
75%
pas
74%
pleurer
73%
Qu'ont
73%
Comme
70%
comme
70%
je
70%
Je
70%
mes
69%
tes
65%
Tes
65%
N'exister
64%
dans
60%
Mais
59%
58%
Tu
58%
T'aimer
57%
Sur
55%
Aux
54%
Ont
54%
froid
48%
Sous
48%
nuit
46%
doigts
45%
autrefois
44%
leur
44%
enfants
43%
sais...
42%
pierre
38%
pose
38%
chemins
37%
croix
37%
éclat
37%
murs
37%
soldats
37%
devant
36%
diamant
36%
perdu
36%
tremble
36%
jouent
34%
reverrai
34%
chaque
32%
poussière
32%
prison
32%
branches
31%
noires
31%
ombres
27%
brillais
25%
rose
25%
sables
25%
pavés
17%
Aucun quiz correspondant
Distribution des résultats
% des personnes avec chaque résultat
Percentile par nombre de réponses
Votre historique - résultats
Vous n’avez pas pris ce quiz